| 000 | 00314nam a2200109Ia 4500 | ||
|---|---|---|---|
| 008 | 190216s9999||||xx |||||||||||||| ||und|| | ||
| 100 | _a"Atkins, Trapp, Cady &giunta
 " | ||
| 245 | 0 | _aStudent`S Solutions Manual For Physical Chemistry | |
| 260 |
_bOxford University Press _c1998 |
||
| 300 | _a429 | ||
| 942 | _cBK | ||
| 999 |
_c2912 _d2912 |
||